| 000 | 00959cam a22002531i 4500 | ||
|---|---|---|---|
| 003 | SA-RiAUC | ||
| 005 | 20250922055511.0 | ||
| 008 | 250918s2000 ua g d 001 0 ara c | ||
| 040 |
_aSA-RiAUC _bara _cSA-RiAUC _erda |
||
| 082 | 0 | 4 |
_a251.03 _qSA-RiAUC |
| 090 |
_a251.03 _bع ث م |
||
| 100 | 1 |
_aعثمان، محمود حامد _eمؤلف. |
|
| 245 | 1 | 2 |
_aالقاموس المبين في اصطلاحات الأصوليين / _cإعداد محمود حامد عثمان. |
| 250 | _aالطبعة الأولى. | ||
| 264 | 1 |
_aالقاهرة : _bدار الحديث، _c2000. |
|
| 300 |
_a240 صفحة ؛ _c24 سم |
||
| 336 |
_aنص _btxt _2rdacontent _3كتاب |
||
| 337 |
_aبدون وسيط _bn _2rdamedia |
||
| 338 |
_aمجلد _bnc _2rdacarrier |
||
| 500 | _aيشتمل على كشافات. | ||
| 650 | 7 |
_aأصول الفقه الإسلامي _vمعجم مصطلحات _2aucsh |
|
| 942 |
_2ddc _cBOOK _n0 |
||
| 949 |
_aSA-JeALM _d250918 _umohamedma123 _n1 |
||
| 999 |
_c11969 _d11969 |
||